000 00660nam a22001577a 4500
003 OSt
005 20151026161303.0
008 151026b xxu||||| |||| 00| 0 eng d
040 _cRUA
082 _aVMF PHO 2003 B112 Or.1
100 _92933
_aPHON CHANSOHAL
245 _aEffect of dried and ensiled cassava leaves on the diet digesibilty of landrace pigs, (ឥទ្ធិពលនៃស្លឹកដំឡូងឈើផ្អាប់ និងហាលលើការរំលាយអាហាររបស់ជ្រូកពូជឡែនដ្រេស)
260 _aPhnom Penh
_bRua
_c2003
300 _av; 43p.
_bill.
_c29cm.
942 _2ddc
_cVTF`
999 _c2750
_d2750